00814nam a2200253Ia 4500001000600000003000900006005001700015008004100032040001300073040001300086041001300099100001800112100002900130245006400159245004900223250001100272260001100283260001900294260004900313300005600362500009200418650001900510650003100529B6633IT-RoPAU20220918175944.0130308s9999 xx 000 0 und d aIT-RoPAU cIT-RoPAU aITALIANO aBianconi R.A. gCodice Aut. SPICS: 39409 aPuò la danza portare guarigione? Due ipotesi concomitanti bRivista di musicoterapia , N.6-Dicembre 1988 a1a ed. aTORINO bMinerva Medica c1988 [1° Ed.:1988 - Ed.Ling.Originale:1988] a"8 p. (prefazione: no ; testo: 8 [pagine: 99-106])" aSopravvento della Natura. Ambiguità della Danza. Attendibilità per I Contemporanei. aSAGGI MUSICALI eCodice materia Spics: 7011